| 000 | 00486nam a2200133 a 4500 | ||
|---|---|---|---|
| 008 | 120416s9999 ||||||||||||||||| || u | ||
| 050 | _aNA 9031 Abe | ||
| 100 | _aAbercombie, Sir, Partrick | ||
| 245 | 1 | 0 |
_aTown and country planning _crevised by D. Rigiby Bhilds |
| 246 | _aPatrick Abercrombie | ||
| 260 | _a[1959] | ||
| 350 | _a0.00 | ||
| 995 |
_D0.00 _FCBU-MAIN LIBRARY (Kitwe) _H1 _I0.00 _M1 _ULOST _ZMain Library Open Access Collection |
||
| 999 |
_c60083 _d60083 |
||